000
00265nam a22001217a 4500
082
_a
823
_b
GOO/R
100
_a
GOOMER, S K
245
_a
RAMAYANA - 11, CHILDHOOD EPISODE
260
_a
DELHI
_b
DREAMLAND
300
_a
24
650
_a
ENGLISH STORY
_z
INDIA
942
_c
BK
999
_c
7472
_d
7472